• 首页
  • 本馆介绍
  • 公告通知
  • 最新文献
  • 馆藏检索
  • 电子资源
  • 读者导购
  • 参考咨询
  • 我的图书馆
  • 登录
  • 详细信息显示
  • 放入我的书架
  • 预约/预借图书
  • 作者相关作品
  • 分类相关作品
  • 丛书相关作品
  • 出版社相关作品

书目信息

  • 表格格式
  • 工作单格式
  • 卡片格式
题名:
彀中英雄
    
 
作者: 鲍鹏山 著
分册:  
出版信息: 北京   中国青年出版社  2006
页数: 259页
开本: 21cm
丛书名: 思想的历史
单 册:
中图分类: B232.5
科图分类:
主题词: 思想家--人物研究--中国--秦汉时代 , 思想家 , 哲学--中国--秦汉时代
电子资源:
ISBN: 7-5006-6644-6
000 00870oam2 2200277 450
001 1136870497
005 20110929102709.48
010    @a7-5006-6644-6@dCNY22.00
100    @a20060104d2006 em y0chiy50 ea
101 0  @achi
102    @aCN@b110000
105    @aa z 000yy
106    @ar
200 1  @a彀中英雄@e纪元前4-纪元1世纪@f鲍鹏山著@Agou zhong ying xiong
210    @a北京@c中国青年出版社@d2006
215    @a259页@c图@d21cm
225 2  @a思想的历史@v2
330    @a本书对商鞅、韩非、李斯、张良、陈平、贾谊、晁错、东方朔等思想家作了详细解读。
461  0 @1001003236756
606 0  @a思想家@x人物研究@y中国@z秦汉时代
606 0  @a思想家
606 0  @a哲学@x中国@x秦汉时代
690    @aB232.5@v4
701  0 @a鲍鹏山@f(1963~)@4著@Abao peng shan
801  0 @aCN@b大连网信软件有限公司图书馆·11@c20110929
905    @a10447@dB232.5@eJY108
    
    彀中英雄:纪元前4-纪元1世纪/鲍鹏山著.-北京:中国青年出版社,2006
    259页:图;21cm .-(思想的历史;2 )
    
    
    ISBN 7-5006-6644-6:CNY22.00
    本书对商鞅、韩非、李斯、张良、陈平、贾谊、晁错、东方朔等思想家作了详细解读。
●
相关链接 在E读中查询图书 在五车中查询图书 在当当中查询图书 在豆瓣中查询图书


正题名:彀中英雄     索取号:B232.5/JY108         预约/预借

序号 登录号 条形码 馆藏地/架位号 状态 备注
1 7824588   278245882   学院路分馆/ [索取号:B232.5/JY108] 在馆    
2 7824589   278245891   学院路分馆/ [索取号:B232.5/JY108] 在馆    
唐山师范学院图书馆 欢迎您!
大连网信软件有限公司© 版权所有